| 000 | 01125nam a22002657a 4500 | ||
|---|---|---|---|
| 003 | DO-SdBNP | ||
| 005 | 20220127141916.0 | ||
| 007 | ta | ||
| 008 | 210902b2017 dr ||||| |||| 00| 0 spa d | ||
| 020 | _a9789945909685 | ||
| 040 |
_aDO-SdBNP _bspa _cBNPHU |
||
| 100 | 1 |
_aCabral, Porfirio _d1955- _979712 |
|
| 245 | 1 | 0 |
_aDesde pentecostés hasta Santo Domingo / _cPorfirio Cabral ; actualización y ampliación, Francisco Pablo Fortuna. |
| 246 | 1 | 0 |
_aDesde pentecostés hasta Santo Domingo : _bBreve historia del origen de la Iglesia Pentecostal en la República Dominicana. |
| 250 | _a2da. ed. ampliada | ||
| 260 |
_aSanto Domingo : _bPublicaciones Libertad, _c2017. |
||
| 300 |
_a164 p. ; _c21 cm. |
||
| 500 | _aIncluye datos biográficos del autor. | ||
| 500 | _a“Esta obra presenta un análisis exahustivo de lo que ha sido la Iglesia Pentecostal en la República Dominicana, desde sus inicios hasta la primera decada del siglo XXI” | ||
| 504 | _aBibliografía : p. 164 | ||
| 590 | _aInventariado, 2021 /LP | ||
| 700 | 1 |
_aFortuna, Francisco Pablo, _d1967- _979713 |
|
| 910 | _aLopérez | ||
| 942 |
_2ddc _cLBS1 |
||
| 999 |
_c50383 _d50383 |
||